| 000 | 00892nam a22002897a 4500 | ||
|---|---|---|---|
| 003 | CHAP | ||
| 005 | 20220817042911.0 | ||
| 008 | 971013s1979 r 00010 d | ||
| 010 | _a59382 | ||
| 011 | _a60354 | ||
| 035 | _a64515 | ||
| 040 | _cCHAP | ||
| 082 |
_a636.08 _bP8 |
||
| 100 | 0 | 0 |
_aPulgarón Berriel, Pedro Pablo. _992970 |
| 245 | _aManual de genética y mejora animal | ||
| 260 |
_aLa Habana : _bEd. Pueblo y Educación, _c1979 |
||
| 300 |
_a291 p. _b: ilus. |
||
| 590 |
_aBATCH-UPD _b10 _c20130110 _lUCH01 _h1159 |
||
| 590 |
_aBATCH-UPD _b10 _c20130410 _lUCH01 _h0741 |
||
| 590 |
_aBATCH-UPD _b10 _c20130914 _lUCH01 _h1538 |
||
| 590 |
_aCONVERSION _b10 _c20130109 _lUCH01 _h1332 |
||
| 650 | 1 | 4 | _aGenética animal. |
| 700 | 0 |
_aPascual del Cueto, Carmen. _985845 |
|
| 901 | _aBK | ||
| 942 | _cLIBRO | ||
| 949 |
_a636.08 P8 _bBC _cESP _d33724000261152 _eESP _h63295 _i64515 _mD.Dr.Méndez _si |
||
| 999 |
_c59382 _d59382 |
||